| 000 | 00544nam a2200193 a 4500 | ||
|---|---|---|---|
| 001 | 18891 | ||
| 005 | 20180713212246.0 | ||
| 008 | 140415s1962 000 0 spa d | ||
| 041 | _aspa | ||
| 082 |
_a330 _bSOU |
||
| 100 | 1 | _aSOULE, GEORGE | |
| 245 | 1 | 0 | _aINTRODUCCION A LA ECONOMIA CONTEMPORANEA |
| 250 | _a3a ed. | ||
| 260 |
_a[s.l.] : _bFONDO DE CULTURA ECONOMICA, _c1962 |
||
| 300 | _a153 | ||
| 490 |
_aBREVIARIOS DEL FONDO DE CULTURA ECONOMICA _v36 |
||
| 650 | 1 | 4 | _aECONOMIA |
| 700 | 1 |
_aLARA BEAUTELL, CRISTOBAL _etr. |
|
| 999 |
_c18891 _d18891 |
||